UBT Library

The Merck manual of diagnosis and therapy (Record no. 40397)

000 -LEADER
fixed length control field 00853cam a22002654a 4500
001 - CONTROL NUMBER
control field 12727166
005 - DATE AND TIME OF LATEST TRANSACTION
control field 20180117034440.0
007 - PHYSICAL DESCRIPTION FIXED FIELD--GENERAL INFORMATION
fixed length control field cr |||||||||||
008 - FIXED-LENGTH DATA ELEMENTS--GENERAL INFORMATION
fixed length control field 990826s1999 nju s 000 0 eng
010 ## - LIBRARY OF CONGRESS CONTROL NUMBER
LC control number 2002563906
035 ## - SYSTEM CONTROL NUMBER
System control number (OCoLC)ocm42251396
040 ## - CATALOGING SOURCE
Original cataloging agency FHM
Transcribing agency FHM
Modifying agency OCLCQ
-- N@F
-- INU
-- DLC
041 ## - LANGUAGE CODE
Language code of text/sound track or separate title eng
042 ## - AUTHENTICATION CODE
Authentication code pcc
080 ## - UNIVERSAL DECIMAL CLASSIFICATION NUMBER
Universal Decimal Classification number R 61 BEE
082 ## - DEWEY DECIMAL CLASSIFICATION NUMBER
Classification number R 61 BEE
100 ## - Rafti
Rafti 39
101 ## - Shkurtesa
Shkurtesa SHM
245 04 - TITLE STATEMENT
Title The Merck manual of diagnosis and therapy
Statement of responsibility, etc editors, Mark H. Beers and Robert Berkow ; senior assistant editors, Robert M. Bogin and Andrew J. Fletcher.
246 1# - VARYING FORM OF TITLE
Display text HTML title:
Title proper/short title Merck manual
530 ## - ADDITIONAL PHYSICAL FORM AVAILABLE NOTE
Additional physical form available note Also available in print.
906 ## - LOCAL DATA ELEMENT F, LDF (RLIN)
a 7
b cbc
c origres
d 2
e ncip
f 20
g y-gencompf
942 ## - ADDED ENTRY ELEMENTS (KOHA)
Source of classification or shelving scheme
Item type Books
Holdings
Withdrawn status Lost status Source of classification or shelving scheme Damaged status Not for loan Collection code Permanent location Current location Shelving location Date acquired Total Checkouts Full call number Barcode Date last seen Price effective from Koha item type
          Koleksioni i përgjithshem UBT - Lipjan UBT - Lipjan Koleksioni i përgjithshem 01/17/2018   R 61 BEE 002-2995634 01/17/2018 01/17/2018 Reference
          Koleksioni i përgjithshem UBT - Lipjan UBT - Lipjan Koleksioni i përgjithshem 01/17/2018   R 61 BEE 002-2995629````````` 01/17/2018 01/17/2018 Reference
          Koleksioni i përgjithshem UBT - Lipjan UBT - Lipjan Koleksioni i përgjithshem 01/17/2018   R 61 BEE 002-2995619 01/17/2018 01/17/2018 Reference
UBT Library © 2015-2024. All rights reserved University Education for Business and Technology